000 00447nam a22001817a 4500
003 LK-CoDNM
005 20241219144930.0
008 241219b |||||||| |||| 00| 0 eng d
040 _aLK-CoDNM
_dLK-CoDNM
_eLK-CoDNM
041 _aeng
080 _a2
_bJ3
100 _aDr. Rud.Bergh
245 _aSystem Der Nudibranchiaten Gasteropoden
260 _aWiesbaden
_bVerlag
_c1892
300 _a173p. : 30 cm
650 _aScience
942 _cBK
999 _c233722
_d233722